| 000 | 00999nam a2200253 i 4500 | ||
|---|---|---|---|
| 001 | 9481 | ||
| 003 | ES-MaACL | ||
| 005 | 20230906145700.0 | ||
| 008 | 930928s19731984it ||||1| ita d | ||
| 080 | _a081 Togliatti, Palmiro | ||
| 080 | _a32:92 Togliatti, Palmiro | ||
| 100 | 1 |
_aTogliatti, Palmiro. _9110420 |
|
| 245 | 1 | 0 |
_aOpere / _cPalmiro Togliatti ; a cura di Ernesto Ragionieri (v. I-III) ; [Franco Andreucci e Paolo Spriano (v. IV) ; Luciano Gruppi (v. V-VI)]. |
| 250 | _a1ª ed. | ||
| 260 |
_aRoma : _bEditori Riuniti, _c1973-1984. |
||
| 300 |
_a8 v. : _b22 cm. |
||
| 505 | 8 | _aContiene: I. 1917-1926 - II. 1926-1929 - III,1. 1929-1935 - III,2. 1929-1935 - IV,1. 1935-1944 - IV,2. 1935-1944 - V. 1944-1955 - VI. 1956-1964. | |
| 600 | 1 | 4 |
_aTogliatti, Palmiro- _xPensamiento político. _9110421 |
| 700 | 1 |
_aRagionieri, Ernesto. _994994 |
|
| 700 | 1 |
_aAndreucci, Franco. _921656 |
|
| 700 | 1 |
_aSpriano, Paolo. _9107799 |
|
| 700 | 1 |
_aGruppi, Luciano. _960257 |
|
| 852 |
_aES-MaACL _jL-16861-68 |
||
| 999 |
_c9481 _d9481 |
||